| 000 | 00542nam a2200121Ia 4500 | ||
|---|---|---|---|
| 008 | 220615s9999||||xx |||||||||||||| ||und|| | ||
| 245 | 0 |
_aState of Ambiguity _bCivic Life and Culture in Cuba's First Republic |
|
| 546 | _aEnglish[eng] | ||
| 650 | _aHistory||Anarchism||Cuba||Havana||United States | ||
| 700 | _aPalmer, Steven||Piqueras, José Antonio||Cobos, Amparo Sánchez | ||
| 856 | _uhttps://library.oapen.org/bitstream/20.500.12657/31774/1/625261.pdf||https://library.oapen.org/bitstream/20.500.12657/31774/1/625261.pdf | ||
| 942 | _cEB | ||
| 999 |
_c12209 _d12209 |
||